Estados Unidos y América Latina a principios del siglo XXI alternativas políticas frente a la dominación imperialista
Guardat en:
| Autor principal: | |
|---|---|
| Format: | Llibre |
| Publicat: |
Heredia, Costa Rica
Universidad Nacional, Facultad de Filosofía y Letras
2009
|
| Col·lecció: | Cuadernos Aporte Teóricos de Nuestra América
|
| Matèries: | |
| Etiquetes: |
Afegir etiqueta
Sense etiquetes, Sigues el primer a etiquetar aquest registre!
|
MARC
| LEADER | 00000nam a22000007a 4500 | ||
|---|---|---|---|
| 007 | ta | ||
| 008 | 140115t2009 cr g0 a | ||
| 020 | |a 9789968260299 | ||
| 040 | |a cru CIICLA Universidad de Costa Rica | ||
| 050 | |a 327.1 O-48e | ||
| 100 | |a Oliva Campos, Carlos | ||
| 245 | 1 | 0 | |a Estados Unidos y América Latina a principios del siglo XXI |b alternativas políticas frente a la dominación imperialista |c Carlos Oliva Campos |
| 260 | |a Heredia, Costa Rica |b Universidad Nacional, Facultad de Filosofía y Letras |c 2009 | ||
| 300 | |a 156 páginas | ||
| 490 | 0 | |a Cuadernos Aporte Teóricos de Nuestra América | |
| 650 | 4 | |a IMPERIALISMO | |
| 651 | |a ESTADOS UNIDOS |z AMERICA LATINA | ||
| 942 | |2 ddc |c BK |k 327.1 |m O-48e | ||
| 999 | |c 3136 |d 3136 | ||



